RASENDRA SARA SANGRAH OF SRI GOPAL K. BHATT (Record no. 7924)

MARC details
000 -LEADER
fixed length control field 00322nam a2200121Ia 4500
082 ## - DEWEY DECIMAL CLASSIFICATION NUMBER
Classification number 612.015
Item number R 12 S
100 ## - MAIN ENTRY--PERSONAL NAME
Personal name SURESH PARIMI
245 ## - TITLE STATEMENT
Title RASENDRA SARA SANGRAH OF SRI GOPAL K. BHATT
260 ## - PUBLICATION, DISTRIBUTION, ETC. (IMPRINT)
Name of publisher, distributor, etc CHAUKHAMBHA PUB. NEW DELHI
Year of Publication 2012
300 ## - PAGE DESCRIPTION
No. of Pages 1112
942 ## - ADDED ENTRY ELEMENTS (KOHA)
Source of classification or shelving scheme Dewey Decimal Classification
Koha item type Books
Holdings
Withdrawn status Lost status Source of classification or shelving scheme Damaged status Not for loan Collection code Home library Current library Date acquired Vendor Name Cost, normal purchase price SGTU Bill Number Total Checkouts Full call number Accession No. (Barcode) Date last seen Bill Date Koha item type
    Dewey Decimal Classification     AYURVEDA SGT FA-FP Library SGT FA-FP Library 14/09/2015 CHAUKHAMBHA PUB. NEW DELHI 1500.00 SGTU CP/B/788   612.015 R 12 S FA2053 14/09/2015 28/01/2015 Books
    Dewey Decimal Classification     AYURVEDA SGT FA-FP Library SGT FA-FP Library 14/09/2015 CHAUKHAMBHA PUB. NEW DELHI 1500.00 SGTU CP/B/788   612.015 R 12 S FA2054 14/09/2015 28/01/2015 Books